al-Maḍhāhib al-naqdīyah, (Record no. 46060)

MARC details
000 -LEADER
fixed length control field 00633cam a22002171 4500
001 - CONTROL NUMBER
control field ne 63001359
003 - CONTROL NUMBER IDENTIFIER
control field DLC
005 - DATE AND TIME OF LATEST TRANSACTION
control field 20260227111747.0
008 - FIXED-LENGTH DATA ELEMENTS--GENERAL INFORMATION
fixed length control field 810915s1962 ua b 000 0 ararc
010 ## - LIBRARY OF CONGRESS CONTROL NUMBER
LC control number ne 63001359
035 ## - SYSTEM CONTROL NUMBER
System control number (OCoLC)7760347
040 ## - CATALOGING SOURCE
Original cataloging agency Princeton Univ. Libr.
Transcribing agency TU
Modifying agency TU
-- DLC
042 ## - AUTHENTICATION CODE
Authentication code premarc
050 00 - LIBRARY OF CONGRESS CALL NUMBER
Classification number PN81
Item number .F25
100 1# - MAIN ENTRY--PERSONAL NAME
Personal name Fahmī, Māhir Ḥasan.
245 13 - TITLE STATEMENT
Title al-Maḍhāhib al-naqdīyah,
Statement of responsibility, etc. [taʼlīf] Māhir Ḥasan Fahmī.
260 ## - PUBLICATION, DISTRIBUTION, ETC.
Place of publication, distribution, etc. al-Qāhirah,
Name of publisher, distributor, etc. Maktabat al-Nahḍah al-Misrīyah
Date of publication, distribution, etc. [1962]
300 ## - PHYSICAL DESCRIPTION
Extent 227 p.
Dimensions 19 cm.
504 ## - BIBLIOGRAPHY, ETC. NOTE
Bibliography, etc. note Bibliography: p. [217]-224
650 #0 - SUBJECT ADDED ENTRY--TOPICAL TERM
Topical term or geographic name entry element Criticism.

No items available.

Powered by Koha